000 01668nam a2200385Ia 4500
001 ebr10112827
003 CaPaEBR
006 m u
007 cr cn|||||||||
008 040615s2003 nyua sb 001 0 eng d
010 _z 2004273267
020 _z0738428280
040 _aCaPaEBR
_cCaPaEBR
035 _a(OCoLC)137342230
050 1 4 _aTK5105.8885.W43
_b.I58 2003eb
245 0 0 _aIntegrating WebSphere Commerce with SAP R/3 using WebSphere InterChange Server
_h[electronic resource] /
_c[Tamas Vilaghy ... et al.].
250 _a1st ed.
260 _aPoughkeepsie, NY :
_bIBM, International Technical Support Organization,
_cc2003.
300 _axii, 216 p. :
_bill.
490 1 _aIBM redbooks
500 _a"December 2003."
500 _a"This edition applies to Version 5.4 of WebSphere Commerce, Version 4.0.1 of WebSphere InterChange Server, and Version 4.6C of SAP R/3"--T.p. verso.
500 _a"SG24-6902-00."
504 _aIncludes bibliographical references (p. 207-210) and index.
533 _aElectronic reproduction.
_bPalo Alto, Calif. :
_cebrary,
_d2009.
_nAvailable via World Wide Web.
_nAccess may be limited to ebrary affiliated libraries.
630 0 0 _aWebSphere.
630 0 0 _aSAP R/3.
650 0 _aElectronic commerce
_xComputer programs.
655 7 _aElectronic books.
_2local
700 1 _aVilaghy, Tamas.
710 2 _aInternational Business Machines Corporation.
_bInternational Technical Support Organization.
710 2 _aebrary, Inc.
830 0 _aIBM redbooks.
856 4 0 _uhttp://site.ebrary.com/lib/rucke/Doc?id=10112827
_zAn electronic book accessible through the World Wide Web; click to view
999 _c106630
_d106630